000
00225nam a2200097Ia 4500
005
20251222114403.0
008
251222s1900||||xx |||||||||||||| ||spa||
082
_a
DVD0170/A53/2001
245
0
_a
Los otros:The Others
942
_c
DVD
999
_c
1716
_d
1716